Statistiques concernant Arrêts de la ligne 89 de Lyon (TCL)

Cliquez ici pour prendre le quiz!

Statistiques générales

  • Ce quiz a été pris 4 fois
  • Le résultat moyen est 11 sur 23

Statistiques - réponses

ArrondissementArrêt% Correct
Lyon 9eGare de Vaise
100%
Lyon 9eClinique Sauvegarde
67%
DardillyDardilly Le Jubin
67%
Lyon 9eDuchère Balmont
67%
Champagne-au-Mont-d'OrDuchère Capucines
67%
ÉcullyÉchangeur du Pérollier
67%
ÉcullyÉcully Le Pérollier
67%
Lyon 9eLa Piemente
67%
Lyon 9eMouillard
67%
ÉcullyMoulin Carron
67%
DardillyPorte de Lyon
67%
Champagne-au-Mont-d'OrSimon Buisson
67%
DardillyCamping International
33%
ÉcullyCuers
33%
DardillyDardilly Peupliers
33%
DardillyGargantua
33%
DardillyLes Saules
33%
ÉcullyMoulin Berger
33%
ÉcullyTechlid Le Paisy
33%
ÉcullyTechnoparc
33%
ÉcullyVianney
33%
DardillyDardilly Les Gorges
0%
DardillyLes Aulnes
0%

Distribution des résultats

Percentile par nombre de réponses

% des personnes avec chaque résultat

Votre développement - résultats

Vous n’avez pas pris ce quiz